• 首页
  • 本馆介绍
  • 公告通知
  • 最新文献
  • 馆藏检索
  • 电子资源
  • 读者导购
  • 参考咨询
  • 我的图书馆
  • 登录
  • 详细信息显示
  • 放入我的书架
  • 预约/预借图书
  • 作者相关作品
  • 分类相关作品
  • 丛书相关作品
  • 出版社相关作品

书目信息

  • 表格格式
  • 工作单格式
  • 卡片格式
题名:
共产党宣言
    
 
作者: 马克思 , 恩格斯 著 ;成仿吾 译
分册:  
出版信息: 北京   人民出版社  1978.11
页数: 70页
开本: 19cm
丛书名:
单 册:
中图分类: A122
科图分类:
主题词: 马恩著作--单行本
电子资源:
ISBN:
000 00632nam0 2200217 45
001 0181023467
005 20060911082214.00
010    @dCNY0.21
091    @a1001.1165
100    @a20810111d km y0chiy0120 ea
101 0  @achi
200 1  @AGONG CHAN DANG XUAN YAN@FMa Ke Si,En Ge Si Zhu@a共产党宣言@f马克思,恩格斯著@g成仿吾译
210    @a北京@c人民出版社@d1978.11
215    @a70页@d19cm
606 0  @a马恩著作@x单行本
690    @aA122
701 0  @a马克思@4著
701  0 @a恩格斯@4著
702 0  @a成仿吾@4译
801    @aCN@bTSTC@c20060911
905    @dA122@f5@b104934-938@e18:4801@b104945-947@f3@f4@b104940-943@f6@b82341-346
    
    共产党宣言/马克思,恩格斯著/成仿吾译.-北京:人民出版社,1978.11
    70页;19cm
    
    
    ISBN :CNY0.21
    
●
相关链接 在E读中查询图书 在五车中查询图书 在当当中查询图书 在豆瓣中查询图书


正题名:共产党宣言     索取号:A122/18:4801         预约/预借

序号 登录号 条形码 馆藏地/架位号 状态 备注
1 0082341   000948425   第一借阅区/ [索取号:A122/18:4801] 在馆    
2 0082342   000948390   第一借阅区/ [索取号:A122/18:4801] 在馆    
3 0082343   000947587   第一借阅区/ [索取号:A122/18:4801] 在馆    
4 0082344   000948407   第一借阅区/ [索取号:A122/18:4801] 在馆    
5 0082345   000948363   第一借阅区/ [索取号:A122/18:4801] 在馆    
6 0082346   000948452   第一借阅区/ [索取号:A122/18:4801] 在馆    
7 0104934   000948354   第一借阅区/ [索取号:A122/18:4801] 在馆    
8 0104935   000782932   第一借阅区/ [索取号:A122/18:4801] 在馆    
9 0104936   000783058   第一借阅区/ [索取号:A122/18:4801] 在馆    
10 0104938   000783138   第一借阅区/ [索取号:A122/18:4801] 在馆    
11 0104940   000948461   第一借阅区/ [索取号:A122/18:4801] 在馆    
12 0104941   000782898   第一借阅区/ [索取号:A122/18:4801] 在馆    
13 0104942   000782905   第一借阅区/ [索取号:A122/18:4801] 已借出,限还日期为2026.05.17
借出人:田云喆  
 
14 0104943   000783094   第一借阅区/ [索取号:A122/18:4801] 在馆    
15 0104945   000948489   第一样本阅览室/ [索取号:A122/18:4801] 在馆    
16 0104946   000782978   第一借阅区/ [索取号:A122/18:4801] 在馆    
17 0104947   000783174   第一借阅区/ [索取号:A122/18:4801] 在馆    
18 0104948   000948416   第一借阅区/ [索取号:A122/18:4801] 在馆    
19 0424882   204248821   密集书库/ [索取号:A122/18:4801] 在馆    
20 0424883   204248830   密集书库/ [索取号:A122/18:4801] 在馆    
21 0424887   204248876   密集书库/ [索取号:A122/18:4801] 在馆    
22 0424895   204248956   密集书库/ [索取号:A122/18:4801] 在馆    
23 0425068   204250684   密集书库/ [索取号:A122/18:4801] 在馆    
24 0425072   204250728   密集书库/ [索取号:A122/18:4801] 在馆    
25 0425239   204252398   密集书库/ [索取号:A122/18:4801] 在馆    
26 0425243   204252432   密集书库/ [索取号:A122/18:4801] 在馆    
27 0439880   204398801   密集书库/ [索取号:A122/18:4801] 在馆    
28 0471835   204718350   密集书库/ [索取号:A122/18:4801] 在馆    
唐山师范学院图书馆 欢迎您!
大连网信软件有限公司© 版权所有